20 Biggest U.S. Coastal Cities - Statistics

General Stats
  • This quiz has been taken 42 times
  • The average score is 16 of 20
Answer Stats
Population Answer % Correct
509,107 Miami
100%
8.3m New York City
100%
803,876 San Francisco
98%
691,168 Boston
95%
3.9m Los Angeles
95%
801,192 Seattle
95%
1.4m San Diego
93%
427,538 Tampa
90%
2.4m Houston
88%
1.0m Jacksonville
83%
560,812 Baltimore
78%
352,364 New Orleans
78%
452,375 Virginia Beach
78%
991,209 San Jose
68%
444,839 Oakland
63%
316,833 Corpus Christi
59%
443,555 Long Beach
56%
333,459 Newark
56%
343,229 Honolulu
51%
312,042 Jersey City
39%
No matching quizzes found
Score Distribution
Percent of People with Each Score
Percentile by Number Answered
Your Score History
You have not taken this quiz